| 000 | 00743cam a22001691 4500 | ||
|---|---|---|---|
| 082 |
_a940.4 _bHAR _cD |
||
| 100 | 1 |
_aHarrison, Michael Charles Cooper, _949624 |
|
| 245 | 1 | 0 |
_aWithin four walls, _cby Major M. C. C. Harrison ... and Captain H. A. Cartwright ... illustrated by H. A. Cartwright. |
| 260 |
_aLondon, _bE. Arnold & co., _c1930. |
||
| 300 |
_axii, 306 p., 1 l. _bfront., illus. (incl. plans) plates, ports., fold. map. facsim. _c21 cm. |
||
| 500 | _a"The story of our joint and separate experiences in Germany."--Pref. | ||
| 526 |
_a0 _b0 _c0 _d940_400000000000000_HAR |
||
| 650 | 0 |
_aMCE _9379 |
|
| 650 | 0 |
_aWorld War, 1914-1918 _xPrisoners and prisons, German. _949625 |
|
| 700 | 1 |
_aCartwright, Henry Antrobus, _949626 |
|
| 942 |
_2ddc _cBK |
||
| 999 |
_c552411 _d552411 |
||